• 首页
  • 本馆介绍
  • 公告通知
  • 最新文献
  • 馆藏检索
  • 电子资源
  • 读者导购
  • 参考咨询
  • 我的图书馆
  • 登录
  • 详细信息显示
  • 放入我的书架
  • 预约/预借图书
  • 作者相关作品
  • 分类相关作品
  • 丛书相关作品
  • 出版社相关作品

书目信息

  • 表格格式
  • 工作单格式
  • 卡片格式
题名:
征管评估应试辅导及模拟试卷
    
 
作者: ;本书编写组 编
分册:  
出版信息: 北京   中国商业出版社  2020.1
页数: 370页
开本: 26cm
丛书名: 税务干部业务能力升级考试辅导丛书
单 册:
中图分类: F812.423
科图分类:
主题词: 税收管理--shui shou guan li--中国--干部培训--自学参考资料
电子资源:
ISBN: 978-7-5208-1063-0
000 01080oam2 2200265 450
001 2159494176
005 20211011172912.0
010    @a978-7-5208-1063-0@dCNY86.00
100    @a20200901d2020 em y0chiy0120 ea
101 0  @achi
102    @aCN@b110000
105    @ay zq 000yy
106    @ar
200 1  @a征管评估应试辅导及模拟试卷@Azheng guan ping gu ying shi fu dao ji mo ni shi juan@e含解析@f本书编写组编
210    @a北京@c中国商业出版社@d2020.1
215    @a370页@d26cm
225 2  @a税务干部业务能力升级考试辅导丛书@Ashui wu gan bu ye wu neng li sheng ji kao shi fu dao cong shu
300    @a适用1~7级
330    @a本书分应试指导和模拟试卷及答案解析两篇,具体内容包括:税(费)管理、税收征管体制改革与基础事项规范、税收风险管理、大企业税收服务与管理、国际税收、收入规划核算、模拟试卷等。
461  0 @12001 @a税务干部业务能力升级考试辅导丛书
606 0  @a税收管理@Ashui shou guan li@y中国@x干部培训@j自学参考资料
690    @aF812.423@v5
711 02 @a本书编写组@Aben shu bian xie zu@4编
801  0 @aCN@b百万庄@c20211007
905    @b1307437-440@dF812.423@e101@f4
    
    征管评估应试辅导及模拟试卷:含解析/本书编写组编.-北京:中国商业出版社,2020.1
    370页;26cm.-(税务干部业务能力升级考试辅导丛书)
    适用1~7级
    
    ISBN 978-7-5208-1063-0:CNY86.00
    本书分应试指导和模拟试卷及答案解析两篇,具体内容包括:税(费)管理、税收征管体制改革与基础事项规范、税收风险管理、大企业税收服务与管理、国际税收、收入规划核算、模拟试卷等。
●
相关链接 在E读中查询图书 在五车中查询图书 在当当中查询图书 在豆瓣中查询图书


正题名:征管评估应试辅导及模拟试卷     索取号:F812.423/101         预约/预借

序号 登录号 条形码 馆藏地/架位号 状态 备注
1 1307437   213074377   第一样本阅览室/ [索取号:F812.423/101] 在馆    
2 1307438   213074386   第一借阅区/ [索取号:F812.423/101] 在馆    
3 1307439   213074395   第一借阅区/ [索取号:F812.423/101] 在馆    
4 1307440   213074402   第一借阅区/ [索取号:F812.423/101] 在馆    
唐山师范学院图书馆 欢迎您!
大连网信软件有限公司© 版权所有